| 000 | 00963nam a22003131c 4500 | ||
|---|---|---|---|
| 001 | a987681684 | ||
| 008 | 130623s2013 gw |||| 000u ger d | ||
| 020 |
_a9783868545746 _9978-3-868-54574-6 |
||
| 041 | _ager | ||
| 245 | 0 | 0 | _aErbe des Kalten Krieges |
| 264 |
_aHamburg : _bHamburger Ed., _c2013 |
||
| 300 | _a499 S. | ||
| 336 |
_aText _btxt _2rdacontent |
||
| 337 |
_aComputermedien _bc _2rdamedia |
||
| 338 |
_aOnline-Ressource _bcr _2rdacarrier |
||
| 500 | _aE-Book-Ciando / Zugriff im DHI-Lesesaal, Fernzugriff für registrierte Nutzer | ||
| 650 | 0 | _aOst-West-Konflikt | |
| 650 | 0 | _aAuswirkung | |
| 655 | 0 | _aFernzugriff (E-Book) | |
| 655 | 0 | _aelektronnaja biblioteka | |
| 655 | 0 | _aFernzugriff | |
| 655 | 0 | _aAufsatzsammlung | |
| 700 | 1 |
_aGreiner, Bernd _eHerausgeberIn |
|
| 856 | 4 | _uhttp://dgia.ciando.com/book/index.cfm/bok_ID/776484 | |
| 942 | _cEB | ||
| 040 | _cRU-10907106 | ||
| 003 | RU-10907106 | ||
| 999 |
_c40871 _d40871 |
||
| 490 | 0 |
_aStudien zum Kalten Krieg _v6 |
|